| 000 | 02323nam0a2200397 4500 | ||
|---|---|---|---|
| 001 | RU\NLR\BIBL_A\022734526 | ||
| 005 | 20260426080653.0 | ||
| 010 |
_a978-5-9704-9794-4 _93000 |
||
| 021 |
_aRU _bКН-П-25-082258 _9КН-П-25-7965 |
||
| 035 | _a(NLR Aleph) 022734526 | ||
| 090 |
_a13696853 _c13696853 |
||
| 100 | _a20260220d2026 k y0rusy50 ca | ||
| 101 | 0 | _arus | |
| 102 | _aRU | ||
| 105 | _aa z 000zy | ||
| 181 | 0 |
_ai3 _baxxe |
|
| 182 | 0 | _an | |
| 200 | 1 |
_aТактика врача-стоматолога _eпрактическое руководство _f[Ревазова Залина Эльбрусовна - доктор медицинских наук, профессор, Волков Евгений Алексеевич - доктор медицинских наук, профессор, Митронин Александр Валентинович - доктор медицинских наук, профессор и др.] _gпод редакцией академика РАН О. О. Янушевича |
|
| 203 |
_aТекст _bвизуальный _cнепосредственный |
||
| 210 |
_aМосква _cГЭОТАР-Медиа _d2026 (печ. 2025) |
||
| 215 |
_a232 с. _cил., цв. ил. _d24 |
||
| 225 | 1 | _aСерия "Тактика врача" | |
| 225 | 1 | _aФГБОУ ВО "Российский университет медицины" Минздрава России рекомендует | |
| 300 | _aАвт. указаны на с. 4-5 | ||
| 300 | _aДоп. информ. в сылках QR-кодов | ||
| 606 | 1 |
_aСтоматология _jРуководства, пособия и т.п _9932187 _3RU\NLR\AUTH\6624880 |
|
| 686 | 1 | _aР66я77 | |
| 686 | 1 | _aР11(2)286.6я77 | |
| 701 | 1 |
_aРевазова _bЗ. Э. _gЗалина Эльбрусовна |
|
| 701 | 1 |
_7ca _8rus _aВолков _bЕ. А. _cд-р мед. наук, стоматология _gЕвгений Алексеевич _940084 _3RU\NLR\AUTH\7757152 |
|
| 701 | 1 |
_aМитронин _bА. В. _gАлександр Валентинович |
|
| 702 | 1 |
_4340 _7ca _8rus _aЯнушевич _bО. О. _f1966- _gОлег Олегович _9139832 _3RU\NLR\AUTH\770139867 |
|
| 942 | _cBOOK | ||
| 980 | _aNB | ||